000 00461nam a22001697a 4500
003 OSt
005 20170105102938.0
020 _a8170492041
040 _a0
082 _a305.8
_bWIL 2004
100 _aWilliams, Robin M.
245 _aThe wars within
_bpeoples and states in conflict
_cRobin Murphy Williams
260 _aNew Delhi
_bManas
_c 2004.
300 _a318 pages
_c29cm
650 _a Ethnic conflict. Political violence. Civil war.
942 _2ddc
_cBK
999 _c16355
_d16355